|
|
|
|
| LEADER |
01001nam a2200301 i 4500 |
| 001 |
7674 |
| 003 |
BD-DhAAL |
| 005 |
20151102121541.0 |
| 008 |
151102s1979 nyu b 001 0 eng |
| 010 |
|
|
|a 78021810
|
| 020 |
|
|
|a 0345336895
|
| 020 |
|
|
|a 0394501691
|
| 040 |
|
|
|a DLC
|c DLC
|d DLC
|d BD-DhAAL
|
| 050 |
0 |
0 |
|a BF431
|b .S19
|
| 082 |
0 |
0 |
|a 153.9/2
|
| 100 |
1 |
|
|a Sagan, Carl,
|d 1934-1996.
|9 15920
|
| 245 |
1 |
0 |
|a Broca's brain :
|b reflections on the romance of science /
|c Carl Sagan.
|
| 260 |
|
|
|a New York :
|b Random House,
|b Ballantine Books,
|c c1975.
|
| 300 |
|
|
|a xiv, 398 p. ;
|c 18 cm.
|
| 500 |
|
|
|a Includes index.
|
| 541 |
|
|
|e 7674
|
| 600 |
1 |
0 |
|a Broca, Paul,
|d 1824-1880.
|9 15921
|
| 650 |
|
0 |
|a Intellect.
|9 15849
|
| 650 |
|
0 |
|a Brain.
|9 15922
|
| 650 |
|
0 |
|a Space sciences.
|9 15923
|
| 942 |
|
|
|2 ddc
|c BK
|
| 999 |
|
|
|c 36008
|d 36008
|
| 952 |
|
|
|0 0
|1 0
|2 ddc
|4 0
|6 153_900000000000000_2_SAG
|7 0
|9 56575
|a SCL
|b SCL
|c GEN
|d 2015-11-02
|e Gift:
|g 400.00
|l 8
|m 49
|o 153.92 SAG
|p 3020007674
|r 2023-06-20
|s 2023-06-01
|t 1
|w 2015-11-02
|y BK
|